Industrial Economics and Principles Management (Record no. 4530)
[ view plain ]
| 000 -LEADER | |
|---|---|
| fixed length control field | 00558nam a22001697a 4500 |
| 020 ## - INTERNATIONAL STANDARD BOOK NUMBER | |
| ISBN | 9788174732620 |
| 020 ## - INTERNATIONAL STANDARD BOOK NUMBER | |
| ISBN | 8174732624 |
| 050 ## - CALL NUMBER | |
| Classification number | HD2326 |
| Item number | .Si6 |
| 100 ## - AUTHOR | |
| Personal name | Singh, Yogendra |
| 245 ## - TITLE | |
| Title | Industrial Economics and Principles Management |
| Statement of responsibility, etc | Singh, Yogendra, Pandey Mamta |
| 260 ## - PUBLICATION INFORMATION | |
| Place of publication | Delhi- India |
| Name of publisher | A.I.T.B.S. Pub. |
| Year of publication | 2008 |
| 300 ## - DESCRIPTION | |
| Number of Pages | 439p: |
| Other physical details | ill.,graphs |
| Dimensions | 22cm. |
| 500 ## - NOTES | |
| General note | Includes Index. |
| 505 ## - FORMATTED CONTENTS NOTE | |
| Table of Content | 1. Managerial economics<br/>2. Basic Concept<br/>3. Money and Banking<br/>4. Management<br/>5. Human Behaviour |
| 700 ## - OTHER AUTHORS | |
| Personal name | Pandey Mamta |
| 942 ## - ADDED ENTRY ELEMENTS (KOHA) | |
| Koha item type | Books |
No items available.